000 00923cad a22002055a 4500
001 L155735
008 120413e20120202xxk f 000 0 eng d
035 _a(Sirsi) u156304
041 0 _aeng
110 2 _aMarkit
_95915
245 0 0 _aSolid rises in construction output and new work, but rates of growth ease since March
_h[electronic resource]
260 _c2012
490 _aMarkit/CIPS UK Construction PMI News Release
_v2 May 2012
520 _aKey points from Markit/CIPS UK Construction PMI are: output growth eases from 21-month high seen in March, moderate job creation maintained in April, and input cost inflation lowest since March 2010.
590 _aKA
651 4 _aUnited Kingdom
_y
690 _aConstruction management
_96230
856 4 0 _uhttps://www.markiteconomics.com/MarkitFiles/Pages/ViewPressRelease.aspx?ID=9513
_zView the news release free of charge at www.markiteconomics.com
942 _n0
999 _c114170
_d114170